Bürokratische Organisation

Salvato in:
Dettagli Bibliografici
Altri autori: Mayntz, Renate
Natura: Libro
Lingua:tedesco
Pubblicazione: Köln Kiepenhauer und Witsch 1968
Edizione:1. Aufl.
Tags: Aggiungi Tag
Nessun Tag, puoi essere il primo ad aggiungerne!!

MARC

LEADER 00000nam a2200000 4500
001 c023216
005 20221220101426.7
041 0 |a ger 
044 |a DE 
245 1 0 |a Bürokratische Organisation  |c Red. Renate Mayntz 
250 |a 1. Aufl. 
264 1 |a Köln  |b Kiepenhauer und Witsch  |c 1968 
300 |a 460 s. 
700 1 |a Mayntz, Renate